000 00341nam a2200145 a 4500
008 970618s1963||||xx 0 und c
040 _aSNK
_bslo
_cSNK
_eAACR2
100 1 _aStokowski, Leopold
245 1 0 _aHudba pre všetkých
260 _aBratislava
_bSVKL
_c1963
300 _a258 s.
020 _c16
041 _aslo
044 _axo
_cSK
999 _c15136
_d15136